000
00268nam a2200109Ia 4500
008
190216s9999||||xx |||||||||||||| ||und||
100
_a
Suresh K Basandra
245
0
_a
Management Information Systems
260
_b
Vishal Publcations
_c
1999
300
_a
568p
942
_c
BK
999
_c
6031
_d
6031